CS:GO Player Aliases #1 - Statistics

General Stats
  • This quiz has been taken 4,094 times
  • The average score is 14 of 18
Answer Stats
Name Alias % Correct
Kenny Schrub kennyS
96%
Olof Kajbjer olofmeister
94%
Aleksandr Kostyliev s1mple
90%
Christopher Alesund GeT_RiGhT
87%
Jarosław Jarząbkowski pashaBiceps
82%
Marcelo David coldzera
81%
Patrik Lindberg f0rest
80%
Jordan Gilbert n0thing
79%
Robin Kool ropz
77%
Peter Rasmussen dupreeh
75%
Mike Grzesiek shroud
73%
Robin Rönnquist flusha
72%
Sean Gares seang@res
72%
Janusz Pogorzelski Snax
71%
Epitacio de Melo TACO
70%
Ismailcan Dörtkardes XANTARES
59%
Mihail Stolyarov Dosia
51%
Kristian Wienecke k0nfig
49%
No matching quizzes found
Score Distribution
Percent of People with Each Score
Percentile by Number Answered
Your Score History
You have not taken this quiz